000 00594nam a2200217Ia 4500
003 OSt
005 20220918200854.0
006 a|||||r|||| 00| 0
007 ta
008 220917b |||||||| |||| 00| 0 eng d
024 _a90,622
037 _cTextual
040 _aARTS
_cARTS
_beng
041 _2eng
_aeng
082 _aU6715:(2:7)r2.N68, K8
245 0 _aProject report on the location of information sources regarding water resources in India
260 _c1968
650 _aGEOGRAPHY
942 _hU6715:(2:7)r2.N68, K8
_cTEXL
_2CC
999 _c214283
_d214283